Obras completas : (Registro nro. 24236)
[ vista simple ]
| 000 -LEADER | |
|---|---|
| fixed length control field | 01161cam a2200349 i 4500 |
| 001 - CONTROL NUMBER | |
| control field | 24236 |
| 003 - CONTROL NUMBER IDENTIFIER | |
| control field | Mx-PuUPA |
| 005 - DATE AND TIME OF LATEST TRANSACTION | |
| control field | 20260408094048.0 |
| 008 - FIXED-LENGTH DATA ELEMENTS--GENERAL INFORMATION | |
| fixed length control field | 140415s1962 sp gr 000 f spa d |
| 040 ## - CATALOGING SOURCE | |
| Transcribing agency | Mx-PuUPA |
| Original cataloging agency | Mx-PuUPA |
| Language of cataloging | spa |
| Modifying agency | Mx-PuUPA |
| Description conventions | rda |
| 041 0# - LANGUAGE CODE | |
| Language code of text/sound track or separate title | spa |
| 100 1# - MAIN ENTRY--PERSONAL NAME | |
| Personal name | Cronin, A. J., |
| Fuller form of name | (Archibald Joseph), |
| Dates associated with a name | 1896-1981 |
| Relator term | autor |
| 9 (RLIN) | 15982 |
| 240 10 - UNIFORM TITLE | |
| Uniform title | Obras completas |
| Form subheading | Selecciones |
| Name of part/section of a work | A. J. Cronin |
| 245 10 - TITLE STATEMENT | |
| Title | Obras completas : |
| Remainder of title | novelas II / |
| Statement of responsibility, etc. | A.J. Cronin |
| 250 ## - EDITION STATEMENT | |
| Edition statement | Segunda edición |
| 264 #1 - PRODUCTION, PUBLICATION, DISTRIBUTION, MANUFACTURE, AND COPYRIGHT NOTICE | |
| Place of production, publication, distribution, manufacture | Barcelona : |
| Name of producer, publisher, distributor, manufacturer | Editorial Juventud, |
| Date of production, publication, distribution, manufacture, or copyright notice | 1962 |
| 300 ## - PHYSICAL DESCRIPTION | |
| Extent | 1411 páginas ; |
| Dimensions | 18 cm |
| 336 ## - CONTENT TYPE | |
| Fuente | rdacontent |
| Content type term | texto |
| Content type code | txt |
| 337 ## - MEDIA TYPE | |
| Source | rdamedia |
| Media type term | sin medio |
| Media type code | n |
| 338 ## - CARRIER TYPE | |
| Source | rdacarrier |
| Carrier type term | volumen |
| Carrier type code | nc |
| 490 0# - SERIES STATEMENT | |
| Series statement | Clásicos y modernos |
| 600 14 - SUBJECT ADDED ENTRY--PERSONAL NAME | |
| Personal name | Cronin, A. J. |
| Titles and other words associated with a name | (Archivald Joseph), |
| Dates associated with a name | 1896-1981 |
| General subdivision | Obras completas |
| 655 #7 - INDEX TERM--GENRE/FORM | |
| Source of term | armarc |
| Genre/form data or focus term | Novela inglesa |
| 740 02 - ADDED ENTRY--UNCONTROLLED RELATED/ANALYTICAL TITLE | |
| Uncontrolled related/analytical title | Gran canaria |
| 740 22 - ADDED ENTRY--UNCONTROLLED RELATED/ANALYTICAL TITLE | |
| Uncontrolled related/analytical title | Las estrellas nos miran |
| 740 32 - ADDED ENTRY--UNCONTROLLED RELATED/ANALYTICAL TITLE | |
| Uncontrolled related/analytical title | La ciudadela |
| 740 42 - ADDED ENTRY--UNCONTROLLED RELATED/ANALYTICAL TITLE | |
| Uncontrolled related/analytical title | Años de lucha |
| 942 ## - ADDED ENTRY ELEMENTS (KOHA) | |
| Source of classification or shelving scheme | Dewey Decimal Classification |
| Koha item type | Libro |
| Classification part | 823 |
| Item part | C937 |
| Withdrawn status | Lost status | Source of classification or shelving scheme | Damaged status | Not for loan | Collection code | Home library | Current library | Shelving location | Date acquired | Source of acquisition | Total Checkouts | Full call number | Barcode | Date last seen | Price effective from | Koha item type |
|---|---|---|---|---|---|---|---|---|---|---|---|---|---|---|---|---|
| Dewey Decimal Classification | General | Biblioteca Karol Wojtyla | Biblioteca Karol Wojtyla | Sala general | 03/12/2013 | Donación | 823 C937 1962 | 45247 | 05/01/2026 | 03/12/2013 | Libro |